01189nam a2200265 a 450000100100000000500170001000800410002702000180006804000250008608200090011110000240012024500950014426000340023930000210027349000730029449000320036750400410039970000340044083000810047483000400055504900090059595201090060495201930071399900170090600001547920200929164043.0100210s2007 dr 000 0 spa d a9789993462675 aDO-SdBNPbspacBNPHU axxxx1 aBáez, Etzel9198810aCortometraje :bnotas sobre el arte de hacer cine /cEtzel Báez ; prólogo Juan La Mur. aSanto Domingo :bUASD,c2007. a262 p. ;c21 cm.1 aPublicaciones de la Universidad Autónoma de Santo Domingovv. 13161 aDerecho y políticavv. 19 aIncluye bibliografías (p. 255-256)1 aLa Mur, Juan,epról.934961 0aPublicaciones de la Universidad Autónoma de Santo Domingonno. 1316934962 0aDerecho y políticanno. 19934963 aBNPD 0010718PDaPDbPDcHDd2010-02-10iLF1l0oxxxx p15479-10r2020-06-25w2020-06-25yLFPDZNo se presta 0010718PDaPDbPDcHDd2015-08-17iLF1l0oxxxx p15479-20r2020-06-25te. 2w2020-06-25yLFPDzPerteneció a la biblioteca personal de Chiqui Vicioso / Fidelio Despradel.ZNo se presta c15035d15035